000 01090nam2a22002531 4500
001 rc\3612238
005 20250610051511.0
021 _aRU
_bРг7488-71
035 _a(NLR Aleph) 007713024
090 _a6868700
_c6868700
100 _a20130115d1971 |||y0rusy50 ca
101 0 _arus
102 _aRU
105 _aa z |||||
200 0 _aВып. 2
_eВып. 2
210 _d[1971]
_aБ. м.
215 _a88 с., включ. обл.
_cил.
225 1 _aОтд-ние ВНИИЭМ по научно-технической информации в электротехнике (Информэлектро)
_v02.12.10-71
461 0 _1001rc\3612236
_12001#$aКомпактные распределительные устройства КСО-266$e[Каталог]$eВып. 1-$vВып. 2
_96868685
_cМосква
_d[1969]
_nБ. и.
_o[Каталог] : Вып. 1-
_tКомпактные распределительные устройства КСО-266
_vВып. 2
801 0 _aRU
_bNLR
_gpsbo
801 1 _aRU
_bELAR
_2rusmarc
852 _aNLR
_jПт 20/1-02.12.10-71
942 _cBOOK
980 _aNB